Oceňovanie, účtovanie a vykazovanie pohľadávok a záväzkov z poistenia a zaistenia vo vybranej poisťovni diplomová práca

Gespeichert in:
Bibliographische Detailangaben
1. Verfasser: Pospíšilová, Iveta
Körperschaft: Fakulta hospodárskej informatiky EU. Katedra účtovníctva a audítorstva
Weitere Verfasser: Meluchová, Jitka, 1965-
Format: Buch
Sprache:Slowakisch
Veröffentlicht: Bratislava 2012
Tags: Tag hinzufügen
Keine Tags, Fügen Sie das erste Tag hinzu!

MARC

LEADER 00000nbm a2200000 4500
001 0159204
005 20161109102233.1
041 0 |a slo 
044 |a SK 
245 1 0 |a Oceňovanie, účtovanie a vykazovanie pohľadávok a záväzkov z poistenia a zaistenia vo vybranej poisťovni  |b diplomová práca  |c Iveta Pospíšilová ; školiteľ: Jitka Meluchová 
264 1 |a Bratislava  |c 2012 
300 |a 65 s. 
100 1 |a Pospíšilová, Iveta 
700 1 |a Meluchová, Jitka, 1965- 
710 2 |a Fakulta hospodárskej informatiky EU. Katedra účtovníctva a audítorstva